General English for degree classes / (Record no. 8615)
[ view plain ]
| 000 -LEADER | |
|---|---|
| fixed length control field | 00490cam a2200193ua 4500 |
| 041 ## - LANGUAGE CODE | |
| Language code of text/sound track or separate title | eng |
| 082 ## - DEWEY DECIMAL CLASSIFICATION NUMBER | |
| Classification number | 425 |
| Item number | VAS/GE |
| 100 ## - MAIN ENTRY--AUTHOR NAME | |
| Personal name | Vasudeva Panicker, K M. |
| 245 ## - TITLE STATEMENT | |
| Title | General English for degree classes / |
| 250 ## - EDITION STATEMENT | |
| Edition statement | 1 / |
| 260 ## - PUBLICATION, DISTRIBUTION, ETC. (IMPRINT) | |
| Place of publication | Thiruvananthapuram : |
| Name of publisher | Alliance Printing Works. |
| 300 ## - PHYSICAL DESCRIPTION | |
| Number of Pages | 160 ; . |
| 942 ## - ADDED ENTRY ELEMENTS (KOHA) | |
| Koha item type | Books |
| Withdrawn status | Lost status | Damaged status | Home library | Current library | Date acquired | Full call number | Accession Number | Koha item type |
|---|---|---|---|---|---|---|---|---|
| Withdrawn | KAUAET | KAUAET | 07/04/2012 | 425 | 12974 | Books | ||
| Withdrawn | KAUAET | KAUAET | 16/11/2023 | 425 VAS/GE | 11455 | Books | ||
| Withdrawn | KAUAET | KAUAET | 16/11/2023 | 425 VAS/GE | 11456 | Books | ||
| Withdrawn | KAUAET | Sanskrit University | 07/04/2012 | 425 | 11454 | Books |
